000 00300nam a2200121Ia 4500
008 220204s9999 xx 000 0 und d
082 _bDIG
245 0 _aDigest of tea statistics 1969-70, 1970-71, 1972-73
260 _aIndia
_bTea board
_c1970
650 _aStatistics
650 _aTea
942 _cBK
999 _c44968
_d44968